States with a Washington County - Statistics

General Stats
  • This quiz has been taken 24 times
    8 since last reset
  • The average score is 27 of 31
Answer Stats
State % Correct
Alabama
100%
Idaho
100%
Illinois
100%
Indiana
100%
Kansas
100%
Kentucky
100%
Minnesota
100%
Nebraska
100%
Ohio
100%
Arkansas
88%
Colorado
88%
Florida
88%
Georgia
88%
Iowa
88%
Louisiana
88%
Maine
88%
Maryland
88%
Mississippi
88%
Missouri
88%
Oregon
88%
Pennsylvania
88%
New York
75%
Oklahoma
75%
Tennessee
75%
Texas
75%
Utah
75%
Vermont
75%
Virginia
75%
Wisconsin
75%
North Carolina
63%
Rhode Island
63%
No matching quizzes found
Score Distribution
Percent of People with Each Score
Percentile by Number Answered
Your Score History
You have not taken this quiz since the last reset